000 00715nam a2200205Ii 4500
003 JO-AjNU
008 230605s9999||||xx |||||||||||||| ||und||
040 _aJO-AjNU
_bara
_erda
_cJO-AjNU
041 _aara
050 1 4 _aK884.T36.2011
100 3 _aالطماوي، سليمان محمد سليمان,
_eauthor
_944149
245 0 0 _aالأسس العامة للعقود الإدارية "دراسة مقارنة "
250 _a(د،ط)
264 3 1 _aالقاهرة : دار الفكر العربي، 2011
300 _a912ص
336 _atext
_btxt
_2rdacontent
337 _aunmediated
_bn
_2rdamedia
338 _avolume
_bnc
_2rdacarrier
650 4 _aالعقود -- القانون الإداري
_944150
999 _aA19038
_c22606
_d22606